000 00486cam a2200157ua 4500
041 _aeng
_h
082 _a028.71621
_bGIL/SO
100 _aGillett, W B .
245 _aSolar energy R&D in the Europian community section - A vol-6: Solar collectors test methods and design guide llines /
_cW B Gillett.
_hTextual Documents
260 _a :
_bD Reidel publishing company ,
_c1985.
300 _a318 ; .
504 _a
700 1 _aMoon, J E .
942 _cBK
999 _c10191
_d10191